Lengua española 8 / (Registro nro. 8251)

Detalles MARC
000 -LIDER
fixed length control field 01277nam a2200325 a 4500
001 - NÚMERO DE CONTROL
Identificador de número de control 000006880
003 - IDENTIFICACDOR DE NÚMERO DE CONTROL
control field DO-SdBNP
005 - DATE AND TIME OF LATEST TRANSACTION
control field 20180315103707.0
007 - CAMPOS FIJOS DE DESCRIPCIÓN FÍSICA
fixed length control field 000006880
008 - ELEMENTOS DE LONGITUD FIJA
fixed length control field 090903s2002 dr 000 0 spa d
040 ## - FUENTE DE CATALOGACIÓN
Agencia que crea de manera original el registro BPMSU
Idioma de catalogación spa
Agencia que realiza la transcripción BPMSU
092 ## - LOCALLY ASSIGNED DEWEY DECIMAL CALL NUMBER
Número de clasificación 461.07
Número de ítem (Cutter) E652l
100 1# - ASIENTO PRINCIPAL -- NOMBRE PERSONAL
Nombre personal Espinal, Olga
245 10 - MENCIÓN DE TITULO
Título Lengua española 8 /
Mención de responsabilidad Olga Espinal, Remigio García R.
260 ## - PUBLICACIÓN, DISTRIBUCIÓN, ETC. (PIE DE IMPRENTA)
Lugar de publicación, distribución, etc Santo Domingo :
Nombre del editor, distribuidor, etc. Secretaría de Estado de Educación,
Fecha de publicación, distribución, etc 2002.
300 ## - DESCRIPCIÓN FÍSICA
Extensión 231 p. ;
Otros detalles físicos il., retrs.
Dimensiones 29 cm.
490 ## - MENCIÓN DE SERIES
Mención de serie La educación al servicio de la gente
505 2# - NOTA DE CONTENIDO
Texto normalizado de contenido La comunicación humana -- El párrafo -- El resumen -- El lenguaje figurado -- El estilo -- La descripción -- La narración -- La exposición -- La titulación -- La oratoria -- Lecturas adicionales
650 #4 - ENCABEZAMIENTO DE MATERIA--TEMÁTICO
Término temático o nombre geográfico como elemento de entrada ESPAÑOL
Subdivisión temática general ENSEÑANZA
650 #4 - ENCABEZAMIENTO DE MATERIA--TEMÁTICO
Término temático o nombre geográfico como elemento de entrada ESPAÑOL
Subdivisión temática general GRAMÁTICA
-- ENSEÑANZA BÁSICA
650 #4 - ENCABEZAMIENTO DE MATERIA--TEMÁTICO
Término temático o nombre geográfico como elemento de entrada ESPAÑOL
Subdivisión temática general EJERCICIOS DE REDACCIÓN
650 #4 - ENCABEZAMIENTO DE MATERIA--TEMÁTICO
Término temático o nombre geográfico como elemento de entrada ESPAÑOL
Subdivisión temática general ESTILO
-- RETÓRICA
700 12 - ASIENTO SECUNDARIO -- NOMBRE PERSONAL
Nombre personal García R., Remigio
700 12 - ASIENTO SECUNDARIO -- NOMBRE PERSONAL
Nombre personal Espinal, Olga
710 ## - ASIENTO SECUNDARIO -- NOMBRE CORPORATIVO
Término de relación República Dominicana. Secretaría de Estado de Educación
830 ## - ASIENTO SECUNDARIO DE SERIE--TÍTULO UNIFORME
Nombre de la parte o sección de una obra La educación al servicio de la gente
942 ## - ADDED ENTRY ELEMENTS (KOHA)
Source of classification or shelving scheme Dewey Decimal Classification
Koha item type Libros
945 ## - INFORMACIÓN DE PROCESAMIENTO LOCAL
Información de procesamiento local Remanejado para la BNPHU / 2018 VM
956 ## - LOCAL ELECTRONIC LOCATION AND ACCESS (OCLC)
Nombre de host VMATEO
Número de acceso 10
Información de compresión 20150914
Inicio de sesión BPMSU
Procesador de solicitud 00151
Existencias
Withdrawn status Lost status Source of classification or shelving scheme Damaged status Not for loan Collection code Home library Current library Date acquired Source of acquisition Total Checkouts Barcode Date last seen Copy number Koha item type
    Dewey Decimal Classification     Colección Escolar Biblioteca Pública Metropolitana Salomé Ureña Biblioteca Pública Metropolitana Salomé Ureña 09/14/2015 Donación   BPMSU15090045 09/14/2015 V. 2 Libros
    Dewey Decimal Classification     Colección Escolar Biblioteca Pública Metropolitana Salomé Ureña Biblioteca Pública Metropolitana Salomé Ureña 09/14/2015 Donación   BPMSU5090046 09/14/2015 V. 2, e. 2 Libros